1280 1708 1861 1983 1470 1595 1721 1905 1723 1400 1403 1627 1267 1569 1950 1307 1084 1498 1451 1990 1345 1102 1345 1736 1294 1713 1685 1994 1170 1496 1047 1350 1819 1077 1329 1191 1652 1741 1300 1065 1613 1292 1118 1249 1849 1408 1550 1028 1607 1640 1173 1610 1123 1823 1827 1017 1667 1736 1596 1072 1731 1340 1239 1650 1476 1782 1120 1475 1741 1667 1186 1006 1995 1637 1727 1034 1190 1739 1745 1276 1679 1870 1449 1042 1643 1758 1395 1683 1505 1981 1029 1691 1391 1650 1820 1356 1984 1297 1572 BCNSPRNW ULIB Ver.6.0+V

เปลี่ยนเป็นภาษาไทย

Change to English
 แสดงรายละเอียดบรรณานุกรม
  กลับหน้าหลัก

Brief Record : Get Marc (ISO 2709) : E-mail record : QR code < ปิดหน้าต่าง
LEADER : 00000nam 2200000uu 4500
001    13399120830
003     ULIB
008    020711s2550 th a 000 0 tha d
020    9789747681871
060  4 WA540.JT3^bส691พ
100    ชัยวัฒน์ คุประตกุล และคณะ
110    มูลนิธิสาธารณสุขแห่งชาติ
245    มนุษย์อนาคต /^cชัยวัฒน์ คุประตกุล และคณะ
260    กรุงเทพฯ :^bมูลนิธิสาธารณสุขแห่งชาติ,^c2550
300    342 หน้า
650    การแพทย์กับสังคม^xผลกระทบจากนวัตกรรมทางเทคโนโลยี^yแง่จริยศาสตร์^zเรื่องสั้น
650    เทคโนดลยีการแพทย์^xแง่จริยศาสตร์^yเรื่องสั้น
650    นวัตกรรรมทางการแพทย์แง่จริยศาสตร์^xเรื่องสั้น
945    ^p0^l0^i14417
999    ^aกัณชพร
รายการนี้ยังไม่มีแท็ก
คุณยังไม่ได้ล็อกอิน คุณสามารถมีกิจกรรมร่วมกับเว็บไซต์ได้ แต่ต้องล็อกอินก่อน ::
  ล็อกอิน

รายการสื่อสารสนเทศ

ลำดับที่ ประเภท เลขเรียก/บาร์โค้ด สถานที่ สถานะ
1. วิทยาศาสตร์การแพทย์ และสุขภาพ
วิทยาศาสตร์การแพทย์ และสุขภาพ
WA540.JT3 ส691พ ฉ.1 
  Barcode: 14417
ห้องสมุดวิทยาเขตสวรรค์ประชารักษ์
►หนังสือทั่วไป
บนชั้น

BibComment


ยังไม่เคยถูกคอมเมนท์

คอมเมนท์ทรัพยากรรายการนี้
  คอมเมนท์: มนุษย์อนาคต ชัยว..


 Copyright 2026. Bcnsprnw @Library